| 000 | 00503nam a22001817a 4500 | ||
|---|---|---|---|
| 003 | OSt | ||
| 005 | 20140310182128.0 | ||
| 008 | 130828t xxu||||| |||| 00| 0 eng d | ||
| 020 | _a088271130x | ||
| 050 |
_aBX 4658 _b.C536 1986 |
||
| 082 |
_aHS 920 _bCh43 1986 |
||
| 245 |
_aThe Children's book of saints / _ctext by Louis M.Savary, illus. Sheilah Beckett. |
||
| 260 |
_aNew York : _bThe Regina Press, _c1986. |
||
| 300 |
_a112 p. ; _c19 cm. |
||
| 650 |
_aSaints _914508 |
||
| 942 | _2lcc | ||
| 999 |
_c9651 _d9651 |
||